LDR 00997nam a2200205 i 4500 001 000000004382 003 CaOOAMICUS 005 20260429094857.0 008 180830s1843 fr u000 u fre u 040 $aSeMil$bita 100 1 $aBacon, Francis,$d<1561-1626>.$0(OLS)http://semarc/name/2789 245 10$aOeuvres de Bacon :$btraduction revue, corrigée et précedée d'une introduction /$cpar M. F. Riaux. 260 $aParis :$bCharpentier,$c1843- 300 $av. ;$c18 cm. 700 1 $aRiaux, Francis Marie.$0(OLS)http://semarc/name/2790 774 0 $aBacon, Francis <1561-1626>$tDe la dignite et de l'accroissement des sciences.$g1$w()70217 774 0 $aBacon, Francis <1561-1626>$tNouvel Organum, Essais de morale et de politique, De la sagesse des anciens.$g2$w()70218 996 $6245$aOeuvres de Bacon :$btraduction revue, corrigée et précedée d'une introduction$9(OLS)http://semarc/title/6493 996 $6260$aParis :$bCharpentier$9(OLS)http://semarc/publisher/31295